Statistiques concernant Joueurs de Liga à la Coupe du Monde 2022

Cliquez ici pour prendre le quiz!

Statistiques générales

  • Ce quiz a été pris 276 fois
  • Le résultat moyen est 42 sur 84

Statistiques - réponses

CLUBPAYSJOUEUR% Correct
FC BarceloneEspagneGavi
93%
FC BarceloneAllemagneMarc-André ter Stegen
93%
FC BarceloneEspagnePedri
93%
FC BarcelonePologneRobert Lewandowski
93%
Real MadridCroatieLuka Modric
92%
Real MadridBelgiqueThibaut Courtois
91%
Real MadridFranceAurélien Tchouameni
90%
Real MadridFranceEduardo Camavinga
89%
FC BarcelonePays-BasFrenkie de Jong
89%
FC BarceloneFranceOusmane Dembélé
89%
Real MadridBrésilVinicius Jr
89%
Atlético MadridFranceAntoine Griezmann
87%
FC BarceloneFranceJules Koundé
85%
Real MadridUruguayFrederico Valverde
84%
Real MadridFranceKarim Benzema
84%
Real MadridBrésilRodrygo
83%
FC BarceloneUruguayRonald Araujo
83%
Real MadridAllemagneAntonio Rüdiger
81%
Real MadridBrésilEder Militao
81%
Atlético MadridArgentineRodrigo De Paul
80%
FC BarceloneDanemarkAndreas Christensen
79%
Real MadridBelgiqueEden Hazard
78%
Real MadridEspagneDaniel Carvajal
76%
Athletic BilbaoGhanaInaki Williams
76%
Athletic BilbaoEspagneNico Williams
76%
FC BarceloneEspagneSergio Busquets
76%
FC BarceloneEspagneJordi Alba
75%
Atlético MadridBelgiqueYannick Carrasco
75%
FC BarceloneBrésilRaphinha
73%
FC BarceloneEspagneFerran Torres
68%
Atlético MadridPortugalJoao Felix
67%
FC BarcelonePays-BasMemphis Depay
65%
Athletic BilbaoEspagneUnai Simon
65%
Celta VigoEtats-UnisLuca de la Torre
64%
Atlético MadridArgentineAngel Correa
63%
Atlético MadridEspagneKoke
63%
FC BarceloneEspagneAnsu Fati
62%
FC BarceloneEspagneAlejandro Baldé
60%
Real MadridEspagneMarco Asensio
59%
Villarreal CFEspagnePau Torres
59%
Real SociedadJaponTakefusa Kubo
59%
Atlético MadridBelgiqueAxel Witsel
58%
Atlético MadridUruguayJosé Maria Gimenez
56%
Atlético MadridArgentineNahuel Molina
54%
Séville FCMarocYassine Bounou
54%
Atlético MadridEspagneAlvaro Morata
53%
FC BarceloneEspagneEric Garcia
49%
Séville FCArgentineMarcos Acuna
47%
Séville FCMarocYoussef En-Nesyri
46%
Espanyol BarceloneDanemarkMartin Braithwaite
37%
Real BetisPortugalWilliam Carvalho
37%
Séville FCArgentineAlejandro Gomez
35%
Atlético MadridEspagneMarcos Llorente
35%
Séville FCArgentineGonzalo Montiel
33%
RCD MajorqueCorée du SudKang-in Lee
31%
CA OsasunaMarocEz Abde
28%
Valence CFEtats-UnisYunus Musah
26%
Valence CFUruguayEdinson Cavani
25%
Villarreal CFArgentineJuan Foyth
25%
Real BetisArgentineGuido Rodriguez
24%
Real BetisMexiqueAndres Guardado
22%
Real BetisArgentineGerman Pezzella
22%
Real BetisSénégalYoussouf Sabaly
22%
Séville FCDanemarkThomas Delaney
20%
CA OsasunaCroatieAnte Budimir
19%
Real ValladolidMarocJawad El Yamiq
19%
Séville FCSerbieNemanja Gudelj
18%
Atlético MadridCroatieIvo Grbic
15%
Séville FCBrésilAlex Telles
13%
Villarreal CFArgentineGeronimo Rulli
12%
Séville FCDanemarkKasper Dolberg
12%
Villarreal CFSénégalNicolas Jackson
12%
Villarreal CFEspagneYeremy Pino
12%
Real ValladolidEquateurGonzalo Plata
10%
Celta VigoGhanaJoseph Aidoo
10%
Getafe CFSerbieNemanja Maksimovic
10%
RCD MajorqueSerbiePredrag Rajkovic
9%
Valence CFEspagneHugo Guillamon
8%
Séville FCSerbieMarko Dmitrovic
8%
Getafe CFSerbieStefan Mitrovic
8%
Rayo VallecanoSénégalPathé Ciss
7%
Valence CFSuisseEray Cömert
6%
Cadix FCAustralieAwer Mabil
3%
UD AlmeriaSerbieSrdjan Babic
1%

Distribution des résultats

Percentile par nombre de réponses

% des personnes avec chaque résultat

Votre développement - résultats

Vous n’avez pas pris ce quiz